<?xml version="1.0" encoding="UTF-8"?><?xml-stylesheet type="text/xsl" href="static/style.xsl"?><OAI-PMH xmlns="http://www.openarchives.org/OAI/2.0/" xmlns:xsi="http://www.w3.org/2001/XMLSchema-instance" xsi:schemaLocation="http://www.openarchives.org/OAI/2.0/ http://www.openarchives.org/OAI/2.0/OAI-PMH.xsd"><responseDate>2026-04-14T07:52:51Z</responseDate><request verb="GetRecord" identifier="oai:www.recercat.cat:2117/449674" metadataPrefix="marc">https://recercat.cat/oai/request</request><GetRecord><record><header><identifier>oai:recercat.cat:2117/449674</identifier><datestamp>2025-12-26T03:46:31Z</datestamp><setSpec>com_2072_1033</setSpec><setSpec>col_2072_452951</setSpec></header><metadata><record xmlns="http://www.loc.gov/MARC21/slim" xmlns:dcterms="http://purl.org/dc/terms/" xmlns:xsi="http://www.w3.org/2001/XMLSchema-instance" xmlns:doc="http://www.lyncode.com/xoai" xsi:schemaLocation="http://www.loc.gov/MARC21/slim http://www.loc.gov/standards/marcxml/schema/MARC21slim.xsd">
   <leader>00925njm 22002777a 4500</leader>
   <datafield ind2=" " ind1=" " tag="042">
      <subfield code="a">dc</subfield>
   </datafield>
   <datafield ind2=" " ind1=" " tag="720">
      <subfield code="a">Ramió I Comas, Benet</subfield>
      <subfield code="e">author</subfield>
   </datafield>
   <datafield ind2=" " ind1=" " tag="260">
      <subfield code="c">2025-06-26</subfield>
   </datafield>
   <datafield ind2=" " ind1=" " tag="520">
      <subfield code="a">L'esclerosi múltiple (EM) és una malaltia neurològica crònica caracteritzada per lesions a la substància blanca cerebral, la detecció precisa de les quals en imatges de ressonància magnètica (MRI) és clau per al diagnòstic i el seguiment, però continua sent un repte a causa de la disponibilitat limitada de dades anotades i la variabilitat entre escàners. Aquest treball explora l'ús de tècniques generatives d'aprenentatge profund, en concret models de difusió, per sintetitzar imatges realistes de cervell MRI i lesions de EM de forma controlada. Es presenten tres contribucions principals: (i) el desenvolupament de pipelines de difusió incondicionals i condicionals, incloent-hi Denoising Diffusion Probabilistic Models (DDPMs), Latent Diffusion Models (LDMs) i models de Stable Diffusion ajustats per a la síntesi de cervell sencer; (ii) la implementació d'un model d'inpainting basat en difusió per inserir lesions sintètiques de EM en regions sanes del cervell, guiades per màscares definides per l'usuari amb caixes delimitadores; i (iii) un mètode per recuperar automàticament màscares precises de les lesions generades, permetent crear dades parellades per entrenar models de segmentació. La validació es va dur a terme mitjançant mètriques quantitatives (FID, CMMD, LPIPS) i una enquesta cega amb experts (neuròlegs i radiòlegs), que va demostrar un alt realisme visual, especialment quan es generaven lesions sobre cervells sans reals. El pipeline complet permet generar dades sintètiques controlables i conscients del tipus d'escàner, contribuint a millorar la robustesa dels algoritmes de segmentació de lesions de EM en entorns amb escassetat de dades. El codi font i els models entrenats es posen a disposició pública per afavorir la reproducció i la recerca futura.</subfield>
   </datafield>
   <datafield ind2=" " ind1=" " tag="520">
      <subfield code="a">Multiple sclerosis (MS) is a chronic neurological disease characterized by lesions in the brain's white matter, whose accurate detection in MRI scans is crucial for diagnosis and monitoring but remains challenging due to limited annotated data and variability across scanners. This thesis explores the use of advanced generative deep learning, specifically diffusion models, to synthesize realistic brain MRI slices and controllable MS lesions. Three main contributions are presented: (i) development of unconditional and conditional diffusion pipelines, including Denoising Diffusion Probabilistic Models (DDPMs), Latent Diffusion Models (LDMs), and fine-tuned Stable Diffusion models adapted for whole-brain MRI synthesis; (ii) implementation of a diffusion-based inpainting model for inserting synthetic MS lesions within healthy brain regions, guided by user-defined bounding box masks; and (iii) a method to automatically recover accurate lesion masks from the generated images, enabling paired data generation for training segmentation models. The models were validated through quantitative metrics (FID, CMMD, LPIPS) and a blinded expert survey involving radiologists and neurologists, demonstrating high visual realism, especially when inpainting lesions on real healthy brains. The complete pipeline allows for controllable, scanner-aware synthetic data generation, contributing to improved robustness of MS lesion segmentation algorithms in data-scarce scenarios. The source code and trained models are made publicly available to support reproducibility and further research.</subfield>
   </datafield>
   <datafield ind2=" " ind1=" " tag="520">
      <subfield code="a">La esclerosis múltiple (EM) es una enfermedad neurológica crónica caracterizada por lesiones en la sustancia blanca cerebral, cuya detección precisa en imágenes de resonancia magnética (MRI) es crucial para el diagnóstico y seguimiento, pero sigue siendo un desafío debido a la escasez de datos anotados y a la variabilidad entre escáneres. Esta tesis explora el uso de técnicas generativas de aprendizaje profundo, en particular modelos de difusión, para sintetizar imágenes realistas de cerebro MRI y lesiones de EM de forma controlada. Se presentan tres contribuciones principales: (i) el desarrollo de pipelines de difusión incondicionales y condicionales, incluyendo Denoising Diffusion Probabilistic Models (DDPMs), Latent Diffusion Models (LDMs) y modelos de Stable Diffusion afinados para la síntesis de cerebro completo; (ii) la implementación de un modelo de inpainting basado en difusión para insertar lesiones sintéticas de EM en regiones sanas del cerebro, guiadas por máscaras de caja delimitadora definidas por el usuario; y (iii) un método para recuperar automáticamente máscaras precisas de las lesiones generadas, permitiendo la creación de datos pareados para entrenar modelos de segmentación. Los modelos se validaron mediante métricas cuantitativas (FID, CMMD, LPIPS) y una encuesta ciega con expertos (neurólogos y radiólogos), demostrando un alto realismo visual, especialmente al inyectar lesiones en cerebros sanos reales. El pipeline completo permite la generación controlable de datos sintéticos, conscientes del escáner, contribuyendo a mejorar la robustez de los algoritmos de segmentación de lesiones de EM en escenarios con escasez de datos. El código fuente y los modelos entrenados se publican para garantizar la reproducibilidad y fomentar la investigación futura.</subfield>
   </datafield>
   <datafield ind1="8" ind2=" " tag="024">
      <subfield code="a">http://hdl.handle.net/2117/449674</subfield>
   </datafield>
   <datafield tag="653" ind2=" " ind1=" ">
      <subfield code="a">Àrees temàtiques de la UPC::Informàtica::Intel·ligència artificial::Aprenentatge automàtic</subfield>
   </datafield>
   <datafield tag="653" ind2=" " ind1=" ">
      <subfield code="a">Multiple sclerosis</subfield>
   </datafield>
   <datafield tag="653" ind2=" " ind1=" ">
      <subfield code="a">Deep learning (Machine learning)</subfield>
   </datafield>
   <datafield tag="653" ind2=" " ind1=" ">
      <subfield code="a">Magnetic resonance</subfield>
   </datafield>
   <datafield tag="653" ind2=" " ind1=" ">
      <subfield code="a">Diagnostic imaging</subfield>
   </datafield>
   <datafield tag="653" ind2=" " ind1=" ">
      <subfield code="a">Esclerosi múltiple</subfield>
   </datafield>
   <datafield tag="653" ind2=" " ind1=" ">
      <subfield code="a">Aprenentatge profund (Aprenentatge automàtic)</subfield>
   </datafield>
   <datafield tag="653" ind2=" " ind1=" ">
      <subfield code="a">Ressonància magnètica</subfield>
   </datafield>
   <datafield tag="653" ind2=" " ind1=" ">
      <subfield code="a">Imatgeria per al diagnòstic</subfield>
   </datafield>
   <datafield ind2="0" ind1="0" tag="245">
      <subfield code="a">Generation of synthetic lesions in brain MRI (Magnetic Resonance Imaging) images using generative deep learning techniques</subfield>
   </datafield>
</record></metadata></record></GetRecord></OAI-PMH>